Property and the constitution. (Record no. 100126)

MARC details
000 -LEADER
fixed length control field 00765cam a2200217 4500
008 - FIXED-LENGTH DATA ELEMENTS--GENERAL INFORMATION
fixed length control field 000000n1999 000 0 eng u
020 ## - INTERNATIONAL STANDARD BOOK NUMBER
International Standard Book Number 1841130559
035 ## - SYSTEM CONTROL NUMBER
System control number (Sirsi) u103422
050 ## - LIBRARY OF CONGRESS CALL NUMBER
Classification number 346.41043
100 ## - MAIN ENTRY--PERSONAL NAME
Personal name McLean, Janet
-- Editor
245 ## - TITLE STATEMENT
Title Property and the constitution.
260 ## - PUBLICATION, DISTRIBUTION, ETC.
Place of publication, distribution, etc. Hart Publishing
Date of publication, distribution, etc. 1999
300 ## - PHYSICAL DESCRIPTION
Extent xix, 274p. ; 24cm.
350 ## - PRICE (NR) (BK AM CF MU VM SE) [OBSOLETE]
Price 30.00
520 ## - SUMMARY, ETC.
Summary, etc. A set of essays by public lawyers, property lawyers and legal philosophers in which they examine the public dimensions of private property. Examples are drawn from the United Kingdom, South Africa, Germany, the United States and New Zealand.
650 ## - SUBJECT ADDED ENTRY--TOPICAL TERM
Topical term or geographic name entry element OWNERSHIP
650 ## - SUBJECT ADDED ENTRY--TOPICAL TERM
Topical term or geographic name entry element PRIVATE PROPERTY
650 ## - SUBJECT ADDED ENTRY--TOPICAL TERM
Topical term or geographic name entry element PROPERTY LAW
690 ## - LOCAL SUBJECT ADDED ENTRY--TOPICAL TERM (OCLC, RLIN)
Topical term or geographic name as entry element PROPERTY
942 ## - ADDED ENTRY ELEMENTS (KOHA)
Suppress in OPAC 0
Holdings
Withdrawn status Lost status Source of classification or shelving scheme Damaged status Not for loan Home library Current library Shelving location Date acquired Cost, normal purchase price Total Checkouts Full call number Barcode Date last seen Date last checked out Copy number Cost, replacement price Price effective from Koha item type
    Dewey Decimal Classification     London London Books 25/01/2000 30.00 1 346.41043 MCL 30060555 06/08/2019 16/04/2003 1 30.00 06/08/2019 Book